| 000 | 00859cam a22002175a 4500 | ||
|---|---|---|---|
| 001 | ##J100739 | ||
| 008 | 000000s1911 000 0 eng u | ||
| 035 | _a(Sirsi) u100739 | ||
| 041 | 0 | _aeng | |
| 050 | 0 | 4 | _a328.3658 $2 2 |
| 110 | 2 |
_aQuantity Surveyors' Association _93787 |
|
| 245 | 0 | 0 |
_aPreliminary and sundries bill _bMarch 1911 |
| 260 |
_aLondon _bQuantity Surveyors' Association _c1911 |
||
| 300 |
_a10p. _c22cm. |
||
| 490 | 0 |
_aUniformity of Custom _v2 |
|
| 520 | _aSuggestions for items to be embodied in all preliminary bills based upon the Conditions of Contract issued by the Royal Institute of British Architects, the Institute of Builders and the National Federation of Building Trade Employers for Great Britain. | ||
| 650 | 2 | 4 | _aCONDITIONS OF CONTRACT |
| 651 | 4 |
_aGreat Britain _y1707- |
|
| 690 |
_aQuantity surveying _96263 |
||
| 942 | _n0 | ||
| 999 |
_c99789 _d99789 |
||